Studies in ancient Egyptian handicraft, woodworking /

محفوظ في:

المؤلف الرئيسي: Śliwa, Joachim.

التنسيق: كتاب

اللغة: English

منشور في: Kraków : Państwowe Wydawn. Naukowe, Oddz. w Krakowie, 1975.

الموضوعات:

الوسوم: إضافة وسم

لا توجد وسوم, كن أول من يضع وسما على هذه التسجيلة!

رقم الطلب: TT180 .S65

LEADER 00928nam a22002657a 4500
003 OSt
005 20251201073921.0
008 251201t1975 pl af b 000 0 eng d
040 |c ARCE Library 
050 1 4 |a TT180  |b .S65 
100 1 |a Śliwa, Joachim.  
245 1 0 |a Studies in ancient Egyptian handicraft, woodworking /   |c Joachim Śliwa. 
246 1 |a Studia ad artem lignariam Aegyptus antique pertinentia. 
264 1 |a Kraków :   |b Państwowe Wydawn. Naukowe, Oddz. w Krakowie,   |c 1975. 
300 |a 82 p., [12] leaves of plates :   |b ill. ;   |c 24 cm. 
336 |2 rdacontent  |a text  |b txt 
337 |2 rdamedia  |a unmediated  |b n 
338 |2 rdacarrier  |a volume  |b n 
500 |a Added t.p.: Studia ad artem lignariam Aegyptus antique pertinentia. 
504 |a Bibliography: p. [77]-82. 
650 0 |a Woodwork -- Egypt -- History.  
651 0 |a Egypt -- Antiquities. 
901 |a reviewed 
942 |2 lcc  |c BK 
999 |c 49317  |d 49317